[Event "GCT Bucharest (blitz) 2019"]
[Site "Bucharest ROU"]
[Date "2019.11.09"]
[Round "6"]
[White "Artemiev, Vladislav"]
[Black "Aronian, Levon"]
[Result "0-1"]
[WhiteElo "2731"]
[BlackElo "2772"]
[PlyCount "176"]
[EventDate "2019.11.09"]

1. c4 Nf6 2. g3 e6 3. Bg2 d5 4. Nf3 Be7 5. O-O O-O 6. cxd5 exd5 7. b3 Bg4 8.
Bb2 c6 9. d3 Nbd7 10. Nbd2 a5 11. a3 Ne8 12. Qc2 Bf6 13. b4 Nd6 14. Nb3 Bxb2
15. Qxb2 axb4 16. axb4 Qb6 17. Qd4 Bxf3 18. Bxf3 Qxd4 19. Nxd4 Rxa1 20. Rxa1
Nb6 21. Rc1 Rc8 22. Kg2 g6 23. g4 Kg7 24. Kg3 Kf6 25. h4 h6 26. e3 Ke7 27. Nb3
Ra8 28. Na5 Nd7 29. Be2 Kd8 30. h5 gxh5 31. gxh5 Kc7 32. Kh2 Rg8 33. Nb3 Nf6
34. Nd4 Kb6 35. Kh3 Rg5 36. f4 Rg8 37. Bf3 Nfe8 38. e4 dxe4 39. dxe4 Ng7 40.
Rg1 Nde8 41. Nf5 Kb5 42. Nxh6 Rf8 43. e5 Kxb4 44. Rb1+ Kc5 45. Rxb7 f6 46. Ng4
Nxh5 47. exf6 Nxf4+ 48. Kg3 Nh5+ 49. Kf2 Nhxf6 50. Nxf6 Nxf6 51. Ke2 Nd5 52.
Bxd5 Kxd5 53. Rb3 Kc4 54. Rb1 Rd8 55. Rc1+ Kb5 56. Rb1+ Ka6 57. Ra1+ Kb7 58.
Rb1+ Kc7 59. Rc1 Rd5 60. Rc3 Kb6 61. Rb3+ Ka5 62. Rc3 Kb5 63. Rb3+ Kc4 64. Rb1
c5 65. Rc1+ Kb3 66. Rb1+ Kc2 67. Rb5 Re5+ 68. Kf3 Kc3 69. Kf4 Kd4 70. Rb1 Re2
71. Rd1+ Kc3 72. Kf3 Re8 73. Rc1+ Kb4 74. Rb1+ Kc4 75. Rc1+ Kb5 76. Rb1+ Kc6
77. Rc1 Re7 78. Rc3 Kb5 79. Rc2 c4 80. Re2 Rd7 81. Rb2+ Ka4 82. Ke2 c3 83. Rb8
Ka3 84. Rb6 c2 85. Rc6 Kb2 86. Rb6+ Kc1 87. Rc6 Re7+ 88. Kd3 Kd1 0-1

[Event "GCT Bucharest (blitz) 2019"]
[Site "Bucharest ROU"]
[Date "2019.11.09"]
[Round "6"]
[White "Caruana, Fabiano"]
[Black "Mamedyarov, Shakhriyar"]
[Result "0-1"]
[WhiteElo "2822"]
[BlackElo "2772"]
[PlyCount "136"]
[EventDate "2019.11.09"]

1. e4 e5 2. Nf3 Nc6 3. Bb5 a6 4. Ba4 Nf6 5. d3 b5 6. Bb3 Bc5 7. c3 O-O 8. Nbd2
d5 9. exd5 Nxd5 10. Ne4 Bb6 11. Nfg5 h6 12. h4 Nce7 13. Qf3 c6 14. Bd2 f5 15.
Ng3 Qe8 16. c4 e4 17. Qh5 exd3 18. cxd5 Nxd5+ 19. Kf1 Qxh5 20. Nxh5 hxg5 21.
hxg5 Be6 22. g6 f4 23. Rh4 Rae8 24. Re1 Ne3+ 25. Kg1 Bxb3 26. axb3 Nd5 27. Rxe8
Rxe8 28. Rh3 Bxf2+ 29. Kxf2 Re2+ 30. Kf3 Rxd2 31. Nxf4 Nxf4 32. Kxf4 Rxg2 33.
Kf5 Rf2+ 34. Kg5 d2 35. Rd3 Kf8 36. Kg4 Ke7 37. Kg3 d1=Q 38. Rxd1 Rxb2 39. Rd3
Kf6 40. Kf4 Kxg6 41. Rd6+ Kh7 42. Rxc6 Rxb3 43. Rxa6 Rb1 44. Rb6 b4 45. Kg3 b3
46. Kf3 g6 47. Rb7+ Kh6 48. Rb5 g5 49. Rb6+ Kh5 50. Rb4 Kg6 51. Rb5 Kf6 52. Kf2
Ke6 53. Kg2 Kd6 54. Rxg5 Rc1 55. Rb5 Rc3 56. Kf2 Kc6 57. Rb8 Kc5 58. Ke2 Kc4
59. Rc8+ Kb4 60. Ra8 b2 61. Kd2 Rc5 62. Rb8+ Ka3 63. Ra8+ Kb3 64. Rb8+ Ka2 65.
Ra8+ Kb1 66. Rb8 Rd5+ 67. Ke2 Kc2 68. Rc8+ Kb3 0-1

[Event "GCT Bucharest (blitz) 2019"]
[Site "Bucharest ROU"]
[Date "2019.11.09"]
[Round "7"]
[White "Le, Quang Liem"]
[Black "Giri, Anish"]
[Result "1-0"]
[WhiteElo "2713"]
[BlackElo "2776"]
[PlyCount "65"]
[EventDate "2019.11.09"]

1. e4 c5 2. Nc3 d6 3. Nge2 Nf6 4. g3 Nc6 5. Bg2 g6 6. d4 cxd4 7. Nxd4 Nxd4 8.
Qxd4 Bg7 9. O-O O-O 10. Qd3 Be6 11. Be3 Ng4 12. Bd4 Ne5 13. Qd1 Rc8 14. Nd5 Nc4
15. Bxg7 Kxg7 16. b3 Ne5 17. c4 Nc6 18. Qd2 Re8 19. f4 Kg8 20. Nc3 Qb6+ 21. Kh1
Qd4 22. Qe1 a6 23. Rd1 Qc5 24. f5 Bd7 25. Nd5 b5 26. cxb5 axb5 27. Qd2 Qa7 28.
f6 Kh8 29. Qh6 Rg8 30. fxe7 Rg7 31. Rc1 Re8 32. Nf6 Rxe7 33. Nxh7 1-0

[Event "GCT Bucharest (blitz) 2019"]
[Site "Bucharest ROU"]
[Date "2019.11.09"]
[Round "7"]
[White "Mamedyarov, Shakhriyar"]
[Black "Karjakin, Sergey"]
[Result "0-1"]
[WhiteElo "2772"]
[BlackElo "2754"]
[PlyCount "42"]
[EventDate "2019.11.09"]

1. d4 Nf6 2. c4 e6 3. Nc3 Bb4 4. Qc2 d5 5. cxd5 Qxd5 6. Nf3 Qf5 7. Qb3 Nc6 8.
e3 O-O 9. Be2 a5 10. a3 a4 11. Qc4 Bxc3+ 12. Qxc3 e5 13. dxe5 Ne4 14. Qc2 Nxe5
15. Qxc7 Nxf3+ 16. gxf3 Nc5 17. e4 Qh5 18. f4 Bg4 19. Bxg4 Nd3+ 20. Kf1 Qxg4
21. Qc3 Qf3 0-1

[Event "GCT Bucharest (blitz) 2019"]
[Site "Bucharest ROU"]
[Date "2019.11.09"]
[Round "7"]
[White "Korobov, Anton"]
[Black "Caruana, Fabiano"]
[Result "1-0"]
[WhiteElo "2670"]
[BlackElo "2822"]
[PlyCount "99"]
[EventDate "2019.11.09"]

1. d4 Nf6 2. c4 e6 3. Nc3 Bb4 4. e3 O-O 5. Bd3 c5 6. Nf3 d5 7. O-O dxc4 8. Bxc4
Bd7 9. Qe2 cxd4 10. exd4 Bc6 11. Rd1 Bxc3 12. bxc3 Nbd7 13. Bb3 Qc7 14. c4 Rfe8
15. Bb2 Qf4 16. Qe3 Qf5 17. Ne1 b5 18. c5 a5 19. Nd3 Rab8 20. Bc2 Qh5 21. a3
Red8 22. Rac1 Qg4 23. f3 Qh4 24. Qd2 Ra8 25. Re1 Nd5 26. Re4 Qe7 27. Rce1 N7f6
28. Ne5 Qc7 29. Rh4 Ne7 30. Qf4 Ned5 31. Qg3 b4 32. a4 b3 33. Bb1 Bxa4 34. Bc1
Be8 35. Bg5 a4 36. Qh3 g6 37. Ng4 Nh5 38. Rxh5 gxh5 39. Bxh7+ Kf8 40. Qxh5 f6
41. Bh6+ Ke7 42. Qf5 Ra6 43. Bg8 Bf7 44. Bxf7 Kxf7 45. Ne5+ Qxe5 46. Qh7+ Ke8
47. dxe5 f5 48. Bg5 Rda8 49. c6 Kf8 50. Bf6 1-0

[Event "GCT Bucharest (blitz) 2019"]
[Site "Bucharest ROU"]
[Date "2019.11.09"]
[Round "7"]
[White "Aronian, Levon"]
[Black "So, Wesley"]
[Result "1-0"]
[WhiteElo "2772"]
[BlackElo "2760"]
[PlyCount "59"]
[EventDate "2019.11.09"]

1. e4 c5 2. Nf3 d6 3. d4 cxd4 4. Nxd4 Nf6 5. Nc3 a6 6. f3 e5 7. Nb3 Be6 8. Be3
h5 9. Nd5 Bxd5 10. exd5 Nbd7 11. Qd2 g6 12. O-O-O Nb6 13. Kb1 Nbxd5 14. Bg5 Be7
15. Bd3 Rc8 16. Rhe1 O-O 17. h4 Nb6 18. g4 Nc4 19. Qg2 Kh8 20. Nd2 b5 21. Bxc4
bxc4 22. Bxf6+ Bxf6 23. Ne4 Bg7 24. Nxd6 Qa5 25. Nxc8 c3 26. Nd6 Rc8 27. Re4
Rc6 28. Qe2 Qb6 29. Nxf7+ Kg8 30. b3 1-0

[Event "GCT Bucharest (blitz) 2019"]
[Site "Bucharest ROU"]
[Date "2019.11.09"]
[Round "8"]
[White "Karjakin, Sergey"]
[Black "Artemiev, Vladislav"]
[Result "1/2-1/2"]
[WhiteElo "2754"]
[BlackElo "2731"]
[PlyCount "121"]
[EventDate "2019.11.09"]

1. e4 c6 2. d4 d5 3. e5 Bf5 4. Nf3 e6 5. Be2 h6 6. O-O Ne7 7. Nbd2 Nd7 8. Nb3
g5 9. Ne1 Qc7 10. Nd3 b6 11. Be3 Bg7 12. c3 c5 13. Nd2 O-O 14. f4 c4 15. Nf2
gxf4 16. Bxf4 f6 17. exf6 Qxf4 18. fxg7 Kxg7 19. Bg4 Ng6 20. Qe2 Qg5 21. Bxf5
Nf4 22. Qg4 exf5 23. Qf3 Nf6 24. h4 Qxh4 25. g3 Nh3+ 26. Kg2 Qg5 27. Nxh3 Qxd2+
28. Rf2 Qd3 29. Qxd3 cxd3 30. Rd2 Rae8 31. Nf4 Kf7 32. Rxd3 Rg8 33. Rh1 h5 34.
Kf3 Re4 35. a4 a5 36. b4 axb4 37. cxb4 Ra8 38. Ra1 h4 39. gxh4 Ng4 40. a5 bxa5
41. Rxa5 Nh2+ 42. Kg2 Rg8+ 43. Kxh2 Rxf4 44. Rxd5 Rxh4+ 45. Rh3 Rxh3+ 46. Kxh3
Ke6 47. Re5+ Kf6 48. Re3 f4 49. Rb3 Kf5 50. b5 Ke4 51. b6 f3 52. b7 f2 53. Rb1
Kxd4 54. Kh2 Ke3 55. Ra1 Rh8+ 56. Kg2 Rg8+ 57. Kh2 Ke2 58. Ra2+ Kf3 59. Ra3+
Ke4 60. Ra4+ Ke3 61. Ra3+ 1/2-1/2

[Event "GCT Bucharest (blitz) 2019"]
[Site "Bucharest ROU"]
[Date "2019.11.09"]
[Round "8"]
[White "So, Wesley"]
[Black "Anand, Viswanathan"]
[Result "1/2-1/2"]
[WhiteElo "2760"]
[BlackElo "2757"]
[PlyCount "74"]
[EventDate "2019.11.09"]

1. d4 Nf6 2. g3 d5 3. Nf3 c6 4. Bg2 Bf5 5. Nh4 Be4 6. f3 Bg6 7. e4 e6 8. e5
Nfd7 9. f4 c5 10. Nxg6 hxg6 11. c4 cxd4 12. cxd5 exd5 13. O-O Nc6 14. Bxd5 Nb6
15. Bg2 Bc5 16. Nd2 O-O 17. Ne4 Be7 18. Qg4 Qd7 19. Qxd7 Nxd7 20. Bd2 Rfd8 21.
Rac1 Nb6 22. Nc5 Bxc5 23. Rxc5 d3 24. Kf2 Nd4 25. b3 Ne6 26. Rc3 Rd7 27. Rd1
Rad8 28. Be3 Nd5 29. Rc4 b5 30. Rc6 Nb4 31. Rcc1 Nxa2 32. Ra1 Nc3 33. Rd2 b4
34. Bxa7 Nb1 35. Rd1 Nc3 36. Rd2 Nb1 37. Rd1 Nc3 1/2-1/2

[Event "GCT Bucharest (blitz) 2019"]
[Site "Bucharest ROU"]
[Date "2019.11.09"]
[Round "8"]
[White "Giri, Anish"]
[Black "Aronian, Levon"]
[Result "1/2-1/2"]
[WhiteElo "2776"]
[BlackElo "2772"]
[PlyCount "73"]
[EventDate "2019.11.09"]

1. d4 Nf6 2. c4 e6 3. Nf3 d5 4. g3 Be7 5. Bg2 O-O 6. O-O dxc4 7. Qc2 a6 8. a4
Bd7 9. Qxc4 Bc6 10. Bg5 Nbd7 11. Nc3 a5 12. Rfd1 h6 13. Bxf6 Nxf6 14. e3 Bb4
15. Qe2 Qe7 16. Qc2 Rfd8 17. Rac1 Nd7 18. Ne1 Bxg2 19. Kxg2 c6 20. Nd3 Bd6 21.
Ne4 Nf6 22. Nxd6 Qxd6 23. Qb3 Qd5+ 24. Qxd5 exd5 25. Nc5 Ra7 26. Rc3 Nd7 27.
Nd3 Nb6 28. b3 Kf8 29. Rb1 Ke7 30. g4 Nd7 31. h3 Kd6 32. Rbc1 Re8 33. R3c2 Raa8
34. Rb1 Re7 35. Rbc1 Ree8 36. Rb1 Re7 37. Rbc1 1/2-1/2

[Event "GCT Bucharest (blitz) 2019"]
[Site "Bucharest ROU"]
[Date "2019.11.09"]
[Round "8"]
[White "Mamedyarov, Shakhriyar"]
[Black "Korobov, Anton"]
[Result "0-1"]
[WhiteElo "2772"]
[BlackElo "2670"]
[PlyCount "74"]
[EventDate "2019.11.09"]

1. c4 e6 2. d4 d5 3. Nf3 Nf6 4. Bg5 c6 5. e3 Nbd7 6. Nc3 h6 7. Bh4 g5 8. Bg3
Nh5 9. Qc2 Nxg3 10. hxg3 Bg7 11. O-O-O O-O 12. Kb1 Qe7 13. e4 dxe4 14. Nxe4 f5
15. Nc3 c5 16. d5 Nf6 17. Ne5 exd5 18. Ng6 Qf7 19. Nxf8 d4 20. Nd5 Qxf8 21. Bd3
Nxd5 22. cxd5 Bd7 23. f4 b5 24. fxg5 c4 25. gxh6 Be5 26. g4 cxd3 27. Qxd3 fxg4
28. Rdf1 Qd6 29. Rh5 Re8 30. Rg5+ Kh8 31. Rf7 Qxh6 32. Rxd7 Bf6 33. Qg6 Qh1+
34. Kc2 d3+ 35. Qxd3 Qxg2+ 36. Kd1 Qg1+ 37. Kc2 Qf2+ 0-1

[Event "GCT Bucharest (blitz) 2019"]
[Site "Bucharest ROU"]
[Date "2019.11.09"]
[Round "8"]
[White "Caruana, Fabiano"]
[Black "Le, Quang Liem"]
[Result "1/2-1/2"]
[WhiteElo "2822"]
[BlackElo "2713"]
[PlyCount "188"]
[EventDate "2019.11.09"]

1. e4 c5 2. Nf3 Nc6 3. Bb5 g6 4. Bxc6 dxc6 5. d3 Bg7 6. h3 Qc7 7. O-O Nf6 8. e5
Nd5 9. Re1 O-O 10. c4 Nb6 11. Nc3 Bf5 12. g4 Be6 13. Qe2 Nd7 14. Bf4 Rae8 15.
Qd2 Qc8 16. Bg3 f5 17. exf6 exf6 18. Ne4 Qa8 19. Nd6 Re7 20. Re2 Ne5 21. Nxe5
fxe5 22. Rae1 Rd7 23. Bxe5 Bxg4 24. hxg4 Bxe5 25. Rxe5 Rxd6 26. Re7 Rdf6 27.
Qh6 R6f7 28. R1e6 Qc8 29. f3 Kh8 30. Rxf7 Rxf7 31. Rxg6 Qf8 32. Qxf8+ Rxf8 33.
Rd6 Rxf3 34. Rd7 Rg3+ 35. Kh2 Rxg4 36. Rxb7 Rg7 37. Rb8+ Rg8 38. Rb3 Rg7 39.
Ra3 Rd7 40. Kg3 Kg7 41. Kf4 Kf6 42. b3 Ke6 43. Ra5 Kd6 44. a3 Rb7 45. b4 cxb4
46. axb4 Rxb4 47. Rxa7 Rb1 48. Rxh7 Re1 49. d4 Rf1+ 50. Ke4 Re1+ 51. Kd3 Rd1+
52. Ke3 Re1+ 53. Kd2 Rg1 54. Rh6+ Kd7 55. Kc3 Rg4 56. Rh7+ Kc8 57. Rf7 Rh4 58.
Rg7 Rf4 59. Kd3 Rh4 60. c5 Rf4 61. Rh7 Rg4 62. Ke3 Kd8 63. Kd3 Kc8 64. Kc3 Kd8
65. Kc4 Kc8 66. Kd3 Kd8 67. Ke3 Kc8 68. Rf7 Kd8 69. Rf4 Rg1 70. Ke4 Re1+ 71.
Kf5 Kd7 72. Rh4 Rf1+ 73. Ke5 Re1+ 74. Re4 Rh1 75. Rf4 Re1+ 76. Kf6 Re2 77. Rg4
Rf2+ 78. Ke5 Re2+ 79. Kf4 Rf2+ 80. Ke3 Rf7 81. Ke4 Rh7 82. Kf5 Rh5+ 83. Kf6 Rd5
84. Rh4 Kc8 85. Ke6 Kc7 86. Rg4 Kc8 87. Rf4 Kc7 88. Ke7 Rd7+ 89. Kf6 Rd5 90.
Re4 Kd7 91. Kg6 Kd8 92. Kf7 Kd7 93. Rf4 Kd8 94. Kf8 Kd7 1/2-1/2

[Event "GCT Bucharest (blitz) 2019"]
[Site "Bucharest ROU"]
[Date "2019.11.09"]
[Round "9"]
[White "Le, Quang Liem"]
[Black "Mamedyarov, Shakhriyar"]
[Result "1/2-1/2"]
[WhiteElo "2713"]
[BlackElo "2772"]
[PlyCount "84"]
[EventDate "2019.11.09"]

1. d4 Nf6 2. c4 g6 3. g3 Bg7 4. Bg2 O-O 5. Nc3 c5 6. Nf3 d5 7. dxc5 Qa5 8. O-O
dxc4 9. Qd4 Nc6 10. Qxc4 Be6 11. Qh4 Qxc5 12. Be3 Qa5 13. Rfd1 Rfd8 14. Ng5 Bf5
15. Qc4 e6 16. h3 h6 17. Nf3 Nd5 18. Nxd5 exd5 19. Qb3 d4 20. Bd2 Qa6 21. Bf1
Be6 22. Qc2 Rac8 23. e3 d3 24. Qb1 Bf5 25. Bc3 Bxc3 26. bxc3 Qc4 27. Nd4 Be4
28. Bxd3 Bxd3 29. Qxd3 Qxd3 30. Rxd3 Ne5 31. Rdd1 Rxc3 32. Kg2 b6 33. a4 Rc5
34. Nb5 Rxd1 35. Rxd1 Nc6 36. Rd7 a6 37. Nd4 Nxd4 38. Rxd4 b5 39. Rd6 bxa4 40.
Rxa6 Rc4 41. g4 Kf8 42. Kg3 Kg7 1/2-1/2

[Event "GCT Bucharest (blitz) 2019"]
[Site "Bucharest ROU"]
[Date "2019.11.09"]
[Round "9"]
[White "Korobov, Anton"]
[Black "Karjakin, Sergey"]
[Result "1/2-1/2"]
[WhiteElo "2670"]
[BlackElo "2754"]
[PlyCount "59"]
[EventDate "2019.11.09"]

1. d4 Nf6 2. c4 e6 3. Nc3 Bb4 4. e3 O-O 5. Bd3 d5 6. Nf3 c5 7. O-O dxc4 8. Bxc4
cxd4 9. exd4 b6 10. Re1 Bb7 11. Bd3 Nc6 12. a3 Be7 13. Bc2 Rc8 14. Qd3 g6 15.
Bh6 Re8 16. Rad1 Nd5 17. Bb3 Na5 18. Ba2 Nxc3 19. bxc3 Bd5 20. Bxd5 Qxd5 21. a4
Nc4 22. Re2 Bf6 23. h4 Red8 24. Ng5 Qf5 25. Qg3 Nd6 26. Rde1 Qd5 27. Qf4 Qf5
28. Qg3 Qd5 29. Qf4 Qf5 30. Qg3 1/2-1/2

[Event "GCT Bucharest (blitz) 2019"]
[Site "Bucharest ROU"]
[Date "2019.11.09"]
[Round "9"]
[White "Aronian, Levon"]
[Black "Caruana, Fabiano"]
[Result "1/2-1/2"]
[WhiteElo "2772"]
[BlackElo "2822"]
[PlyCount "77"]
[EventDate "2019.11.09"]

1. e4 e5 2. Nf3 Nc6 3. Bc4 Nf6 4. Ng5 d5 5. exd5 Na5 6. Bb5+ c6 7. dxc6 bxc6 8.
Bd3 h6 9. Ne4 Nd5 10. Nbc3 Be7 11. Ng3 O-O 12. Bf5 Bxf5 13. Nxf5 Bg5 14. d3 Rb8
15. O-O Bxc1 16. Qxc1 Nf4 17. Re1 Qg5 18. Ng3 c5 19. Nce2 Nc6 20. Nxf4 exf4 21.
Ne4 Qf5 22. f3 Nd4 23. c3 Ne6 24. Qc2 Rfd8 25. a3 a5 26. Rad1 Rd7 27. Re2 Qd5
28. Qa4 Rdb7 29. Rdd2 Qd8 30. Qc4 Qb6 31. Nf2 Rd8 32. Ng4 Rbd7 33. Ne5 Rd5 34.
Qa4 Qc7 35. Qc6 Qe7 36. Qa6 Qf6 37. Ng4 Qg5 38. Nf2 Qf5 39. Qb7 1/2-1/2

[Event "GCT Bucharest (blitz) 2019"]
[Site "Bucharest ROU"]
[Date "2019.11.09"]
[Round "9"]
[White "Artemiev, Vladislav"]
[Black "So, Wesley"]
[Result "1/2-1/2"]
[WhiteElo "2731"]
[BlackElo "2760"]
[PlyCount "86"]
[EventDate "2019.11.09"]

1. b3 d5 2. Bb2 Nf6 3. Nf3 e6 4. e3 c5 5. Bb5+ Bd7 6. Be2 Nc6 7. O-O Bd6 8. d4
O-O 9. Nbd2 Qe7 10. dxc5 Bxc5 11. c4 Ba3 12. Qc1 Bxb2 13. Qxb2 Rfd8 14. a3 e5
15. cxd5 Nxd5 16. Ne4 Bf5 17. Nfd2 Nf6 18. Bf3 Nxe4 19. Nxe4 Be6 20. b4 f5 21.
Nc5 e4 22. Nxe6 Qxe6 23. Be2 Ne5 24. Rad1 h6 25. Qb1 Kh7 26. h3 Rac8 27. Rxd8
Rxd8 28. Rd1 Rc8 29. Qb2 Qf6 30. Kh1 Ng4 31. Qxf6 Nxf6 32. Kg1 Rc2 33. Kf1 Ra2
34. g4 fxg4 35. Bxg4 Nxg4 36. hxg4 Rxa3 37. Rd4 Ra4 38. Rxe4 a5 39. Re5 Rxb4
40. Rxa5 Rxg4 41. Rb5 Kg6 42. Rb6+ Kf5 43. Rb5+ Kg6 1/2-1/2

[Event "GCT Bucharest (blitz) 2019"]
[Site "Bucharest ROU"]
[Date "2019.11.10"]
[Round "10"]
[White "Artemiev, Vladislav"]
[Black "Giri, Anish"]
[Result "1-0"]
[WhiteElo "2731"]
[BlackElo "2776"]
[PlyCount "85"]
[EventDate "2019.11.09"]

1. b3 d5 2. Bb2 Nf6 3. Nf3 g6 4. c4 dxc4 5. bxc4 Bg7 6. g3 c5 7. Bg2 O-O 8. O-O
Nc6 9. d3 Qc7 10. Nbd2 b6 11. Qc2 Bb7 12. Bc3 Rad8 13. Qb2 Ne8 14. Ne4 Bxc3 15.
Nxc3 Nf6 16. Rfd1 Rfe8 17. Rab1 Qb8 18. Qd2 Kg7 19. Qb2 Kg8 20. Rd2 Nd4 21. Ne1
h5 22. h3 e5 23. e4 h4 24. Kh2 Nh5 25. Nf3 hxg3+ 26. fxg3 Qd6 27. Rf1 Re7 28.
Rdf2 Rf8 29. Qd2 Kg7 30. Nh4 f6 31. Qd1 Qd7 32. Nb5 Nxb5 33. cxb5 Bc8 34. Rf5
Rh8 35. Nxg6 Kxg6 36. Qg4+ Kf7 37. Qh4 Kg7 38. Rxh5 Rxh5 39. Qxh5 Qxd3 40. Rd1
Qxb5 41. Rd8 Bd7 42. Qh8+ Kf7 43. Qg8# 1-0

[Event "GCT Bucharest (blitz) 2019"]
[Site "Bucharest ROU"]
[Date "2019.11.10"]
[Round "10"]
[White "Le, Quang Liem"]
[Black "Korobov, Anton"]
[Result "1-0"]
[WhiteElo "2713"]
[BlackElo "2670"]
[PlyCount "83"]
[EventDate "2019.11.09"]

1. e4 c5 2. Nf3 d6 3. d4 cxd4 4. Nxd4 Nf6 5. Nc3 a6 6. Be2 e5 7. Nb3 Be7 8. Be3
Be6 9. Qd3 O-O 10. Nd5 Nxd5 11. exd5 Bc8 12. O-O Nd7 13. a4 b6 14. f4 exf4 15.
Bxf4 Nc5 16. Qc4 Nxb3 17. Qxb3 Re8 18. Be3 Rb8 19. Bd4 Bf8 20. Qf3 Qc7 21. Bd3
Re5 22. Bxe5 dxe5 23. Rae1 Bd6 24. Kh1 Qe7 25. Qe2 a5 26. Bf5 Bb7 27. Be4 g6
28. g4 Bc8 29. Qg2 Bd7 30. b3 Qg5 31. Bf3 Rd8 32. c4 Bc8 33. Re2 Kg7 34. Qf2
Bc5 35. Qg3 Bd6 36. h4 Qe7 37. Be4 f6 38. Rg2 Kh8 39. h5 f5 40. gxf5 gxf5 41.
Bxf5 Rf8 42. Rfg1 1-0

[Event "GCT Bucharest (blitz) 2019"]
[Site "Bucharest ROU"]
[Date "2019.11.10"]
[Round "10"]
[White "Aronian, Levon"]
[Black "Mamedyarov, Shakhriyar"]
[Result "1-0"]
[WhiteElo "2772"]
[BlackElo "2772"]
[PlyCount "113"]
[EventDate "2019.11.09"]

1. e4 e5 2. Nf3 Nc6 3. Bc4 Bc5 4. c3 Nf6 5. d4 exd4 6. e5 d5 7. Bb5 Ne4 8. cxd4
Bb6 9. Nc3 O-O 10. Be3 f5 11. exf6 Rxf6 12. Rc1 Ne7 13. O-O c6 14. Be2 h6 15.
Ne5 Nd6 16. g4 Nf7 17. f4 Nxe5 18. fxe5 Rxf1+ 19. Qxf1 Be6 20. Qf2 Ng6 21. Na4
Qe7 22. a3 Rf8 23. Qg3 Bc7 24. Nc5 Bc8 25. Nd3 Qh4 26. Qxh4 Nxh4 27. Rf1 Re8
28. Nf4 Bb6 29. Bf2 Rf8 30. Be3 g5 31. Nh5 Rxf1+ 32. Kxf1 Kf7 33. h3 a5 34. Kf2
Ng6 35. Ng3 Nf4 36. Bf1 a4 37. Kf3 Kg6 38. h4 Be6 39. h5+ Kh7 40. Bxf4 gxf4 41.
Ne2 Bd7 42. Kxf4 Bd8 43. Kf3 Kg7 44. Nf4 Bb6 45. Ne2 Be6 46. Bh3 Ba5 47. Nf4
Bg8 48. Ke3 b5 49. Nd3 Be6 50. Nf4 Bc8 51. g5 hxg5 52. Bxc8 gxf4+ 53. Kxf4 Bd2+
54. Kf5 b4 55. e6 Bc3 56. h6+ Kf8 57. bxc3 1-0

[Event "GCT Bucharest (blitz) 2019"]
[Site "Bucharest ROU"]
[Date "2019.11.10"]
[Round "10"]
[White "Karjakin, Sergey"]
[Black "So, Wesley"]
[Result "1/2-1/2"]
[WhiteElo "2754"]
[BlackElo "2760"]
[PlyCount "78"]
[EventDate "2019.11.09"]

1. Nf3 d5 2. d4 Nf6 3. e3 c5 4. Nbd2 Nc6 5. dxc5 e6 6. a3 a5 7. Bb5 Bxc5 8. O-O
O-O 9. b3 Qe7 10. Bb2 Rd8 11. Qe2 Bd7 12. Rfd1 Rac8 13. c4 h6 14. h3 Be8 15.
cxd5 Nxd5 16. Ne4 Ba7 17. Rac1 Bb8 18. Bd3 f5 19. Ng3 Nf6 20. e4 f4 21. e5 fxg3
22. exf6 gxf6 23. fxg3 Bxg3 24. Qe3 h5 25. Qh6 Qg7 26. Qxf6 Qxf6 27. Bxf6 Rd7
28. Bc4 Kf7 29. Bg5 a4 30. bxa4 Rxd1+ 31. Rxd1 Ne5 32. Nxe5+ Bxe5 33. Bb5 Bxb5
34. axb5 Rc3 35. h4 Kg6 36. a4 Ra3 37. Rd7 b6 38. Kf1 Rxa4 39. Be3 Rb4 1/2-1/2

[Event "GCT Bucharest (blitz) 2019"]
[Site "Bucharest ROU"]
[Date "2019.11.10"]
[Round "11"]
[White "Caruana, Fabiano"]
[Black "Artemiev, Vladislav"]
[Result "0-1"]
[WhiteElo "2822"]
[BlackElo "2731"]
[PlyCount "64"]
[EventDate "2019.11.09"]

1. e4 c5 2. Nf3 a6 3. c3 d5 4. e5 Nc6 5. d4 cxd4 6. cxd4 Bg4 7. Be2 e6 8. Nbd2
Bb4 9. O-O Nge7 10. Nb3 O-O 11. a3 Ba5 12. Nc5 Bb6 13. b4 Bxc5 14. bxc5 b6 15.
cxb6 Qxb6 16. Be3 Nf5 17. Rb1 Qa7 18. Bd3 h6 19. Qa4 Nce7 20. Nd2 Nxe3 21. fxe3
Bf5 22. Rb3 Bxd3 23. Rxd3 Rac8 24. Nb3 Rc4 25. Qa5 Rc2 26. Nc5 Rb8 27. Rb3 Rxb3
28. Nxb3 Nf5 29. Nc5 Qe7 30. Qe1 Qg5 31. Rf2 Nxd4 32. Rxc2 Nf3+ 0-1

[Event "GCT Bucharest (blitz) 2019"]
[Site "Bucharest ROU"]
[Date "2019.11.10"]
[Round "11"]
[White "Le, Quang Liem"]
[Black "Karjakin, Sergey"]
[Result "0-1"]
[WhiteElo "2713"]
[BlackElo "2754"]
[PlyCount "142"]
[EventDate "2019.11.09"]

1. e4 e5 2. Nf3 Nc6 3. Bb5 Nf6 4. d3 Bc5 5. Bxc6 dxc6 6. O-O Qe7 7. Nbd2 Bg4 8.
h3 Bh5 9. Nc4 Nd7 10. a3 O-O 11. b4 Bd6 12. g4 Bg6 13. Bb2 Qe6 14. Nh4 b5 15.
Ne3 a5 16. Qd2 axb4 17. axb4 c5 18. bxc5 Nxc5 19. Nef5 Na4 20. Ba3 Bxa3 21.
Rxa3 Ra6 22. Rb1 Rb6 23. Qa5 Rfb8 24. Rab3 Qd7 25. Qb4 c5 26. Qa5 f6 27. c4 b4
28. Ra1 Be8 29. Ne3 R6b7 30. Nd5 Ra7 31. Rxa4 Qxa4 32. Qxc5 Rba8 33. Qxb4 Qxb4
34. Rxb4 Ra3 35. Nf5 Rxd3 36. Rb7 Bf7 37. Nxf6+ gxf6 38. Nh6+ Kg7 39. Nxf7 Kg6
40. c5 Rxh3 41. Nd6 Rc3 42. Rc7 Ra1+ 43. Kg2 Rac1 44. Ne8 Rxc5 45. Rg7+ Kh6 46.
Rf7 Rc6 47. Rxf6+ Rxf6 48. Nxf6 Kg5 49. Nxh7+ Kxg4 50. Nf6+ Kf4 51. Nh5+ Kxe4
52. Ng3+ Kd5 53. Kf3 Rc4 54. Ke2 Ra4 55. Nf5 Ke6 56. Ne3 Kf6 57. Nd5+ Kf5 58.
Kf3 e4+ 59. Kg3 Ra3+ 60. Ne3+ Kg5 61. Kg2 Rxe3 62. fxe3 Kg4 63. Kf2 Kh3 64. Kf1
Kg3 65. Ke2 Kg2 66. Ke1 Kf3 67. Kd2 Kf2 68. Kd1 Kxe3 69. Ke1 Kf3 70. Kf1 e3 71.
Ke1 e2 0-1

[Event "GCT Bucharest (blitz) 2019"]
[Site "Bucharest ROU"]
[Date "2019.11.10"]
[Round "11"]
[White "Korobov, Anton"]
[Black "Aronian, Levon"]
[Result "0-1"]
[WhiteElo "2670"]
[BlackElo "2772"]
[PlyCount "51"]
[EventDate "2019.11.09"]

1. d4 Nf6 2. c4 e6 3. Nc3 Bb4 4. Qc2 c5 5. dxc5 O-O 6. Nf3 Na6 7. g3 Nxc5 8.
Bg2 Nce4 9. O-O Nxc3 10. bxc3 Be7 11. e4 d6 12. e5 dxe5 13. Nxe5 Qc7 14. Re1
Bd6 15. Bf4 Nh5 16. Rad1 Nxf4 17. gxf4 f6 18. Qd3 Be7 19. Be4 fxe5 20. Bxh7+
Kh8 21. Rxe5 Rxf4 22. Rh5 Rh4 23. Rxh4 Bxh4 24. Bg6 Qe7 25. Kf1 Qf6 26. Qe4 0-1

[Event "GCT Bucharest (blitz) 2019"]
[Site "Bucharest ROU"]
[Date "2019.11.10"]
[Round "11"]
[White "Mamedyarov, Shakhriyar"]
[Black "Anand, Viswanathan"]
[Result "0-1"]
[WhiteElo "2772"]
[BlackElo "2757"]
[PlyCount "54"]
[EventDate "2019.11.09"]

1. d4 Nf6 2. c4 e6 3. Nc3 Bb4 4. Qc2 d5 5. cxd5 exd5 6. Bg5 h6 7. Bh4 O-O 8. e3
Re8 9. Nge2 c5 10. dxc5 Nbd7 11. O-O-O g5 12. Bg3 Nxc5 13. h4 g4 14. Bf4 Nce4
15. Ng3 Bxc3 16. bxc3 Nxg3 17. fxg3 Bd7 18. Rd4 Rc8 19. Bd3 Qa5 20. Kb2 Re6 21.
a3 Rb6+ 22. Rb4 d4 23. exd4 Nd5 24. Bh7+ Kh8 25. Rf1 Rxc3 26. Be5+ f6 27. Bxf6+
Rxf6 0-1

[Event "GCT Bucharest (blitz) 2019"]
[Site "Bucharest ROU"]
[Date "2019.11.10"]
[Round "11"]
[White "Giri, Anish"]
[Black "So, Wesley"]
[Result "1/2-1/2"]
[WhiteElo "2776"]
[BlackElo "2760"]
[PlyCount "71"]
[EventDate "2019.11.09"]

1. e4 e5 2. Nf3 Nc6 3. Bc4 Bc5 4. c3 Nf6 5. d4 exd4 6. e5 d5 7. Bb5 Ne4 8. cxd4
Bb6 9. Nc3 O-O 10. Be3 Bg4 11. h3 Bh5 12. Qc2 Nxc3 13. bxc3 f6 14. exf6 Qxf6
15. Be2 Na5 16. O-O Rae8 17. Ne5 Bxe2 18. Qxe2 Qe6 19. f4 Nc4 20. Rae1 Nxe5 21.
dxe5 g5 22. Bxb6 Qxb6+ 23. Kh1 gxf4 24. e6 Qd6 25. Qg4+ Kh8 26. Re2 Re7 27.
Rfe1 f3 28. gxf3 Rg7 29. Qh5 Qe7 30. Re5 Rfg8 31. R5e2 Rg5 32. Qf7 Qxf7 33.
exf7 Rf8 34. Re7 Rf5 35. Rxc7 R5xf7 36. Rxf7 1/2-1/2

[Event "GCT Bucharest (blitz) 2019"]
[Site "Bucharest ROU"]
[Date "2019.11.10"]
[Round "12"]
[White "So, Wesley"]
[Black "Caruana, Fabiano"]
[Result "1-0"]
[WhiteElo "2760"]
[BlackElo "2822"]
[PlyCount "35"]
[EventDate "2019.11.09"]

1. Nf3 d5 2. e3 Nf6 3. c4 e6 4. Nc3 Be7 5. b3 O-O 6. Bb2 c5 7. cxd5 Nxd5 8. Qb1
Nc6 9. h4 b6 10. Bb5 Qc7 11. h5 h6 12. Rh3 Bd7 13. Rg3 f6 14. Rxg7+ Kxg7 15.
Qg6+ Kh8 16. Qxh6+ Kg8 17. Qg6+ Kh8 18. Bd3 1-0